MARC

Tag First Indicator Second Indicator Subfields
LEADER 00000cas a2200000 a 4500
001 in00000039986
008 840125d19491957enkar 0 0eng d
005 20250307213806.6
016 7 |a 013911403  |2 Uk 
019 |a 1028849885  |a 1221972082  |a 1230902869 
029 1 |a AU@  |b 000001485327 
029 1 |a AU@  |b 000060443923 
029 1 |a UKMGB  |b 013911403 
035 |a (OCoLC)ocm10335940 
035 |a (OCoLC)10335940  |z (OCoLC)1028849885  |z (OCoLC)1221972082  |z (OCoLC)1230902869 
035 |a (OCoLC)ocm10335940 
040 |a LHL  |b eng  |c LHL  |d COP  |d OCLCQ  |d UKMGB  |d OCLCF  |d OCLCO  |d OCLCQ  |d OCLCO  |d OCLCQ  |d OCLCL 
043 |a e-uk--- 
050 4 |a TN815  |b .C6 
082 4 |a 620  |q OCoLC 
245 0 0 |a Colliery guardian.  |p Overseas supplement. 
246 3 0 |a Overseas supplement 
264 1 |a London :  |b Colliery Guardian Co. 
300 |a 9 volumes :  |b illustrations ;  |c 30 cm 
310 |a Annual,  |b 1952-1957 
321 |a Semiannual,  |b 1949-1951 
336 |a text  |b txt  |2 rdacontent 
337 |a unmediated  |b n  |2 rdamedia 
338 |a volume  |b nc  |2 rdacarrier 
362 1 |a Began with: 1949; ceased with: 1957. 
588 0 |a Dec. 1950; title from cover. 
588 1 |a 1956. 
650 0 |a Mining machinery  |v Periodicals. 
650 0 |a Mineral industries  |z Great Britain  |x Equipment and supplies  |v Periodicals. 
650 7 |a Mineral industries  |x Equipment and supplies.  |2 fast  |0 (OCoLC)fst01022261 
650 7 |a Mining machinery.  |2 fast  |0 (OCoLC)fst01022959 
651 7 |a Great Britain.  |2 fast  |0 (OCoLC)fst01204623  |1 https://id.oclc.org/worldcat/entity/E39PBJdmp7p3cx8hpmJ8HvmTpP 
655 2 |a Periodical 
655 7 |a periodicals.  |2 aat 
655 7 |a Periodicals.  |2 fast  |0 (OCoLC)fst01411641 
655 7 |a Periodicals.  |2 lcgft 
785 0 0 |t Colliery guardian.  |n Overseas  |w (OCoLC)10335975 
948 |h HELD BY TXA - 20 OTHER HOLDINGS 
994 |a Z0  |b TXA 
999 f f |s da011a99-54b6-3c36-aac2-9db59085bf37  |i 5ac304e0-e2bc-3cc6-b4a2-02e04511efc4  |t 0 
952 f f |p serial  |a Texas A&M University  |b College Station  |c Sterling C. Evans Library  |d Evans: Library Stacks  |t 0  |e TN815 .C6  |h Library of Congress classification  |i unmediated -- volume  |l 1952-1954  |m A14842600646 
952 f f |p serial  |a Texas A&M University  |b College Station  |c Sterling C. Evans Library  |d Evans: Library Stacks  |t 0  |e TN815 .C6  |h Library of Congress classification  |i unmediated -- volume  |l 1950-1951  |m A14842600521 
998 f f |a TN815 .C6  |s 1950-1954  |t 0  |l Evans: Library Stacks